LEADER 02856nam 2200409Ia 450 001 996387718403316 005 20200824132725.0 035 $a(CKB)4940000000087256 035 $a(EEBO)2240868018 035 $a(OCoLC)ocm52612356e 035 $a(OCoLC)52612356 035 $a(EXLCZ)994940000000087256 100 $a20030715d1696 uy 0 101 0 $aeng 135 $aurbn||||a|bb| 200 14$aThe parfait mareschal, or Compleat farrier$b[electronic resource] $eWhich teacheth, I. To know the shapes and goodness, as well as faults and imperfections of horses. II. The signs and causes of their diseases, the means to prevent them, their cure, and the good or bad use of purging and bleeding. III. The way to order and preserve them, when upon travel, to feed, and to dress them. IV. The art of shoeing, according to a new design of shoes, which will recover bad feet, and preserve the good. Together with a treatise, how to raise and bring up a true and beautiful race of horses: as also instructions, whereby to fit all kinds of horses with proper bits, whereof the chief draughts are represented in copper-plates. /$fWritten originally in French by the Sieur de Solleysel Escuyer, sometime one of the overseers of the French Kings Royal Academy of Riding, near to the Hostel de Conde in Paris. And translated from the last Paris impression, by Sir William Hope of Kirkliston Kt. Lieutenat Governour of the Castle of Edinburgh. By whom is also added as a supplement to the first part, a most compendious and excellent collection of horsemanship, taken from the best and most modern writers upon that subject, such as Mr. De la Brow, Pluvinel, and the Great Duke of Newcastle. Part I 210 $aEdinburgh $cPrinted by George Mosman$dM.DC.XCVI. [i.e. 1696] 215 $a[52], 261, [5], 86, [18], 300, [4] p, 8 leaves of plates (six folded) $cill 300 $aWith additional engraved title pages. 300 $aIncludes indices. 300 $a"A supplement of horsemanship, to the first part of The parfair mareschal ... by Sir William Hope" has separate undated title page, with imprint "Printed in Edinburgh", pagination and register. 300 $aReproduction of the original in the National Library of Scotland. 330 $aeebo-0097 606 $aHorsemanship$vHandbooks, manuals, etc$vEarly works to 1800 606 $aHorses$xDiseases$vHandbooks, manuals, etc$vEarly works to 1800 606 $aHorseshoeing$vHandbooks, manuals, etc$vEarly works to 1800 615 0$aHorsemanship 615 0$aHorses$xDiseases 615 0$aHorseshoeing 700 $aSolleysel$b Jacques de$f1617-1680.$0548291 701 $aHope$b William$cSir.$01002305 801 0$bEAE 801 1$bEAE 906 $aBOOK 912 $a996387718403316 996 $aThe parfait mareschal, or Compleat farrier$92408073 997 $aUNISA LEADER 01374oam 2200421zu 450 001 9910872952703321 005 20241212215150.0 035 $a(CKB)111055184247094 035 $a(SSID)ssj0000557994 035 $a(PQKBManifestationID)12272937 035 $a(PQKBTitleCode)TC0000557994 035 $a(PQKBWorkID)10559045 035 $a(PQKB)10237756 035 $a(NjHacI)99111055184247094 035 $a(EXLCZ)99111055184247094 100 $a20160829d2001 uy 101 0 $aeng 135 $aur||||||||||| 181 $ctxt 182 $cc 183 $acr 200 10$aAsia Pacific Magnetic Recording Conference, 2000 210 31$a[Place of publication not identified]$cI E E E$d2001 215 $a1 online resource (152 pages) 300 $aBibliographic Level Mode of Issuance: Monograph 311 08$a9780780362543 311 08$a0780362543 320 $aIncludes bibliographical references and index. 606 $aMagnetic recorders and recording 615 0$aMagnetic recorders and recording. 676 $a621.38932 712 02$aInstitute of Electrical and Electronics Engineers, Inc. Staff 712 12$aAsia-Pacific Magnetic Recording Conference $f(2000 :$eTokio, Japan) 801 0$bPQKB 906 $aPROCEEDING 912 $a9910872952703321 996 $aAsia Pacific Magnetic Recording Conference, 2000$92501003 997 $aUNINA LEADER 03982oam 2200985 n 450 001 9910496041603321 005 20231013233905.0 010 $a2377472508 024 7 $a10.4000/books.ugaeditions.14932 035 $a(CKB)4100000011747061 035 $a(FrMaCLE)OB-ugaeditions-14932 035 $a(PPN)254146392 035 $a(oapen)doab113671 035 $a(EXLCZ)994100000011747061 100 $a20210205d2020|||| ||| 0 101 0 $afre 135 $aur||||||m|||| 181 $ctxt$2rdacontent 182 $cc$2rdamedia 183 $acr$2rdacarrier 200 00$aÉnergie et mélancolie$eLes entrelacs de l?écriture dans les Notebooks de S. T. Coleridge. Volumes 1, 2 et 3$fKimberley Page-Jones 210 $aGrenoble$cUGA Éditions$d2020 215 $a1 online resource (418 p.) 225 1 $aEsthétique et représentation : monde anglophone (xviiie-xixe siècles) 311 1 $a2377470203 330 $aDurant toute sa vie, Samuel Taylor Coleridge, poète et philosophe romantique anglais, a consigné ses pensées et ses observations sous forme de fragments dans des Notebooks. Derrière cette écriture mosaïque se dessine l?histoire d?un esprit nourri d?une insatiable curiosité pour le monde naturel et la psyché humaine. Libre de toute contrainte, l?espace des Notebooks est peut-être celui qui s?ajuste le mieux au rythme si particulier de la pensée du poète. S?articulant autour de trois notions, l?entrelacs, le mouvement et la réversibilité, cet ouvrage propose de saisir le rythme et les variations d?une écriture et d?une pensée qualifiées par Coleridge de « polypiennes ». L?écriture des premiers carnets, essentiellement nomade, témoigne d?un plaisir de pérégriner et se nourrit de l?énergie d?un corps en mouvement. Toutefois, au fil du temps, le regard du poète substitue le diffus et l?absence à l?espace géopoétique. Que l?écriture carnétiste de Coleridge soit travaillée par l?énergie de l?intellect ou par l?affect mélancolique, elle est toujours mue par un dynamisme créateur. Ce qui rend ces textes si fascinants, c?est peut-être le refus ou l?inaptitude du poète à choisir ; Coleridge est toujours resté au « seuil de », ne franchissant jamais cette ligne qui aurait pu en faire soit un poète mystique, soit un poète maudit. 606 $aLiterature 606 $aLiterary Theory & Criticism 606 $aLiterature, Romance 606 $aPoetry 606 $aColeridge 606 $aimaginaire poétique 606 $acarnet 606 $aénergie 606 $aentrelacs 606 $aespace 606 $aimagination 606 $agéopoétique 606 $alieu 606 $amarche 606 $amélancolie 606 $anocturne 606 $anomadisme 606 $arythme 606 $arelation 610 $acarnet 610 $aColeridge 610 $aénergie 610 $aentrelacs 610 $aespace 610 $agéopoétique 610 $aimaginaire poétique 610 $aimagination 610 $alieu 610 $amarche 610 $amélancolie 610 $anocturne 610 $anomadisme 610 $arelation 610 $arythme 615 4$aLiterature 615 4$aLiterary Theory & Criticism 615 4$aLiterature, Romance 615 4$aPoetry 615 4$aColeridge 615 4$aimaginaire poétique 615 4$acarnet 615 4$aénergie 615 4$aentrelacs 615 4$aespace 615 4$aimagination 615 4$agéopoétique 615 4$alieu 615 4$amarche 615 4$amélancolie 615 4$anocturne 615 4$anomadisme 615 4$arythme 615 4$arelation 700 $aPage-Jones$b Kimberley$01430743 801 0$bFR-FrMaCLE 906 $aBOOK 912 $a9910496041603321 996 $aÉnergie et mélancolie$93570560 997 $aUNINA